000
00308nam a2200121Ia 4500
008
190216s9999||||xx |||||||||||||| ||und||
100
_a
Philip E Hart Man & Sigmund R Suskind
245
0
_a
Gene Action
260
_b
Prentice Hall Of India Pvt Ltd
_c
1969
300
_a
260p
650
_a
Botany
942
_c
BK
999
_c
1157
_d
1157